000 00562nam a22001697a 4500
999 _c60707
_d60707
005 20231011132416.0
008 231011s1971 enk||||| |||| 00| 0 eng d
041 _aeng
080 _a902 B-96
100 _aBurr, Dorothy
_920060
245 _aAn Ancient Shopping Center:
_bThe Athenian Agora /
_cBurr Dorothy.
264 _aPrinceton,
_c1971.
300 _a30 p.:
_bill.;
_c22 cm.
653 _aუძველესი სავაჭრო ცენტრი: ათენის აგორა
653 _aარქეოლოგია
942 _2udc
_cBK